000 00516nam a2200205Ia 4500
003 0100
008 130303s9999 xx 000 0 und d
040 _cARRUPELIB
050 _aLB775.N49 1954
100 _aNoblett, W.R.
245 _aEducation and the modern mind
260 _aLondon
260 _bFaber & Faber
260 _C1954
300 _a155p.
300 _b 23 cm
650 _bClassical poetry--History and criticism
650 _cLiterature, comperative--Greek and Latin
942 _2lcc
_01
999 _c65713
_d65713